Time to Talk: (Record no. 34931)

MARC details
000 -LEADER
fixed length control field 00459nam a22001577a 4500
005 - DATE AND TIME OF LATEST TRANSACTION
control field 20231215114003.0
008 - FIXED-LENGTH DATA ELEMENTS--GENERAL INFORMATION
fixed length control field 231215b |||||||| |||| 00| 0 eng d
082 ## - DEWEY DECIMAL CLASSIFICATION NUMBER
Classification number 297.092
Item number DUM-T
100 ## - MAIN ENTRY--AUTHOR
Author Name Dumanli; Ekrem
245 ## - TITLE STATEMENT
Title Time to Talk:
Remainder of title an exclusive interview with Fethullah Gulen,
Statement of responsibility, etc. Dumanli; Ekrem
260 ## - PUBLICATION, DISTRIBUTION, ETC.
Place of Publication Pakistan
Name of publisher, distributor, etc. Harmony Publications
Date of publication, distribution, etc. 2015
300 ## - PHYSICAL DESCRIPTION
Pages 94
500 ## - GENERAL NOTE
General note An Interview with Fethullah Gulen.
650 ## - SUBJECT ADDED ENTRY--TOPICAL TERM
Subject / Department Liteature
952 ## - LOCATION AND ITEM INFORMATION (KOHA)
-- 0
-- 0
Holdings
Lost status Damaged status Collection code Permanent Location Current Location Shelving Location Date acquired Full Call Number Accession No./Barcode Date last seen item type Koha item type
    Literature/Urdu/eng/Islamic Superior Information Resource Center (SIRC) Superior University- Main Campus Superior Information Resource Center (SIRC) Superior University- Main Campus Literature 12/15/2023 297.092 DUM-T 2015 29075 12/15/2023 BOOK BOOK

Powered by Koha